Práca v zahraničí - Nemecko

Hľadanie práce v Nemecku. Registračné povinnosti. Pracovné podmienky. Podnikanie v Nemecku. Príjmy a dane. Životné náklady. Sociálne zabezpečenie. Zdravotná starostlivosť a nemocenské dávky. Materská dovolenka. Dôchodkový systém. Nezamestnanosť a vyplácanie dávok v nezamestnanosti.

Salvato in:
Dettagli Bibliografici
Autore principale: Hájeková, Gabriela
Natura: Capitolo di libro
Lingua:slovacco
Soggetti:
Tags: Aggiungi Tag
Nessun Tag, puoi essere il primo ad aggiungerne!!

MARC

LEADER 00000naa a2200000 4500
001 0236442
005 20221104112036.2
041 0 |a slo 
044 |a SK 
245 1 0 |a Práca v zahraničí - Nemecko  |c Gabriela Hájeková 
520 |a Hľadanie práce v Nemecku. Registračné povinnosti. Pracovné podmienky. Podnikanie v Nemecku. Príjmy a dane. Životné náklady. Sociálne zabezpečenie. Zdravotná starostlivosť a nemocenské dávky. Materská dovolenka. Dôchodkový systém. Nezamestnanosť a vyplácanie dávok v nezamestnanosti. 
610 2 0 |a práca v zahraničí 
610 2 0 |a podnikanie 
610 2 0 |a poistenie sociálne 
610 2 0 |a poistenie zdravotné 
610 2 0 |a starostlivosť zdravotná 
610 2 0 |a systémy dôchodkové 
610 2 0 |a dôchodky starobné 
610 2 0 |a dovolenka materská 
610 2 0 |a dávky v nezamestnanosti 
610 2 0 |a Nemecko 
100 1 |a Hájeková, Gabriela